| 000 | 00000nam 2200000zi 4500 |
| 001 | 9.933990 |
| 003 | CaOODSP |
| 005 | 20241223094052 |
| 006 | m o d f |
| 007 | cr cn||||||||| |
| 008 | 240215t20242024onc o f000 0 eng d |
| 020 | |a9780660703046 |
| 040 | |aCaOODSP|beng|erda|cCaOODSP |
| 043 | |an-cn--- |
| 086 | 1 |aH14-581/2024E-PDF |
| 245 | 00|aSyphilis prevention and care : |btips for community-based organizations. |
| 264 | 1|a[Ottawa] : |b[Public Health Agency of Canada], |c2024. |
| 264 | 4|c©2024 |
| 300 | |a1 online resource (2 unnumbered pages) |
| 336 | |atext|btxt|2rdacontent |
| 337 | |acomputer|bc|2rdamedia |
| 338 | |aonline resource|bcr|2rdacarrier |
| 500 | |aCaption title. |
| 500 | |aThe publication file in PDF format was replaced on 07-11-2024 as requested by Health Canada. |
| 500 | |aIssued also in French under title: Prévention et traitement de la syphilis : conseils pour les organismes communautaires. |
| 650 | 0|aSyphilis|zCanada|xPrevention. |
| 650 | 0|aSyphilis|xTreatment|zCanada. |
| 710 | 2 |aPublic Health Agency of Canada, |eissuing body. |
| 775 | 08|tPrévention et traitement de la syphilis : |w(CaOODSP)9.933993 |
| 775 | 08|t[Syphilis prevention and care] : |w(CaOODSP)9.933997 |
| 775 | 08|t[Syphilis prevention and care] : |w(CaOODSP)9.934001 |
| 775 | 08|tSyphilis prevention and care : |w(CaOODSP)9.934003 |
| 775 | 08|tPrivensyon ipi swin di syphilis : |w(CaOODSP)9.934007 |
| 775 | 08|tLi vilaen mal nakinikaywin pi nakahtoohkaywin : |w(CaOODSP)9.934010 |
| 775 | 08|tMacâspinêwin kitinikêwin êkwa nâkatêyimiwêwin : |w(CaOODSP)9.934064 |
| 775 | 08|tGaa-zanagak dinookaan majaapinewin nanaaginigaadeg miinwaa naagidowenjigewin : |w(CaOODSP)9.934067 |
| 775 | 08|tSyphilis prevention and care : |w(CaOODSP)9.934069 |
| 775 | 08|tTadał edàanỉ wech'àotǫ xè sets'ỉwhǫ : |w(CaOODSP)9.934075 |
| 775 | 08|tSyphilis Dënë ts’ı ch'a ëyi hëł bëkanëlni : |w(CaOODSP)9.935049 |
| 775 | 08|t[Syphilis prevention and care] : |w(CaOODSP)9.935567 |
| 775 | 08|t[Syphilis prevention and care] : |w(CaOODSP)9.935569 |
| 775 | 08|t[Syphilis prevention and care] : |w(CaOODSP)9.935572 |
| 775 | 08|tPagiwas at paglunas ng syphilis : |w(CaOODSP)9.935582 |
| 775 | 08|tPrevención y tratamiento de la sífilis : |w(CaOODSP)9.935587 |
| 775 | 08|t[Syphilis prevention and care] : |w(CaOODSP)9.935589 |
| 775 | 08|tKuzuia kaswende na utunzaji : |w(CaOODSP)9.935594 |
| 776 | 0#|tSyphilis prevention and care : |w(CaOODSP)9.933991 |
| 856 | 40|qPDF|s676 KB|uhttps://publications.gc.ca/collections/collection_2024/sc-hc/H14-581-2024-eng.pdf |
| 986 | |a230796 |